| 000 | 01096nam a2200289 i 4500 | ||
|---|---|---|---|
| 001 | 168924 | ||
| 003 | ES-MaACL | ||
| 005 | 20250812062529.0 | ||
| 008 | 080625s1952 sp f |||| | spa d | ||
| 080 | _a94(460)"1874/1902" | ||
| 080 | _a94(460)"1902/31" | ||
| 080 | _a94(460)"1931/39" | ||
| 100 | 1 |
_aGarcía Escudero, José María. _954570 |
|
| 245 | 1 | 0 |
_aCrítica de la restauración liberal en España / _cJosé María García Escudero. |
| 260 |
_aMadrid : _bAteneo, _c1952. |
||
| 300 |
_a36 p. : _b1 lám. ; _c19 cm. |
||
| 490 | 1 |
_aColección "O crece o muere" ; _v22 |
|
| 594 | _aEl original fue dado a conocer en el Ateneo de Madrid, el 9 de febrero 1951. | ||
| 610 | 2 | 7 |
_aAteneo de Madrid- _vConferencias- _y1940-1982. _91908 |
| 651 | 4 |
_aEspaña- _xHistoria- _y1874-1902, Restauración. _98267 |
|
| 651 | 4 |
_aEspaña- _xHistoria- _y1902-1931, Alfonso XIII _98276 |
|
| 651 | 4 |
_aEspaña- _xHistoria- _y1931-1939 (II República) _98283 |
|
| 830 | 0 | 0 |
_aColección "O crece o muere" _v22 _9183476 |
| 852 |
_aES-MaACL _jJ-24 (22) |
||
| 852 |
_aES-MaACL _jJ-25 (22) |
||
| 999 |
_c168924 _d168924 |
||